Abdeen palace : the jewel of 19th Century Cairo = Qaṣr ʻĀbdīn /
Corporate Author:
Format: Book
Language: English
Published:
Alexandria, Egypt :
Bibliotheca Alexandria,
c2007.
Subjects:
Tags: Add Tag
Call Number: DT59 .C243 A23 2007
| LEADER | 00964namaa2200253 4500 | ||
|---|---|---|---|
| 001 | 13446 | ||
| 003 | OSt | ||
| 005 | 20260510144024.0 | ||
| 008 | 130303s2007 ua ace b 000 0 eng d | ||
| 020 | |a 9789776163829 | ||
| 020 | |a 9776163823 | ||
| 040 | |c ARCE Library | ||
| 050 | 4 | |a DT59 .C243 A23 2007 | |
| 245 | 0 | 0 | |a Abdeen palace : |b the jewel of 19th Century Cairo = Qaṣr ʻĀbdīn / |c [by Cultnat Center for Documentation of Cultural and Natural Heritage]. |
| 246 | 3 | 1 | |a Qaṣr ʻĀbdīn. |
| 264 | 1 | |a Alexandria, Egypt : |b Bibliotheca Alexandria, |c c2007. | |
| 300 | |a 270 pages : |b color illustrations, Portraits, plans ; |c 29 cm. | ||
| 504 | |a Includes bibliographical references (p. [271-273]) | ||
| 610 | 2 | 0 | |a Abdine Palace Museums (Cairo, Egypt) |9 21179 |
| 650 | 0 | |a Palaces |z Egypt |x History |y 19th century. | |
| 710 | 2 | |a Markaz al-Qawmī li-Tawthīq al-Turāth al-Ḥaḍārī wa-al-Ṭabīʻī (Egypt) | |
| 901 | |a reviewed | ||
| 942 | |c BK |2 lcc | ||
| 999 | |c 13336 |d 13336 | ||
